Técnicas de aprendizaje y estudio: aprender en la escuela

Saved in:
Bibliografiske detaljer
Hovedforfatter: Noguerol, Artur (autor)
Format: Bog
Sprog:spansk
Udgivet: Barcelona Graó 2002
Udgivelse:3a. ed
Serier:Serie Orientación y Tutoría, 134
Fag:
Tags: Tilføj Tag
Ingen Tags, Vær først til at tagge denne postø!

MARC

LEADER 00000nam a2200000 a 4500
001 UCK2885
003 CL-VaPUC
008 050324e20020000SP |||||||||||||||||spa|d
020 |a 8478270981 
082 0 4 |a 370.152  |b NOG  |2 21 
100 |a Noguerol, Artur  |e autor  |9 490868 
245 1 0 |a Técnicas de aprendizaje y estudio: aprender en la escuela 
250 |a 3a. ed 
300 |a 185 p 
942 |c BK 
945 |d 20050324 00:00:00  |a cmena 
260 |a Barcelona  |b Graó  |c 2002 
650 0 |a Aprendizaje   |9 254827 
650 0 |a Psicología educacional   |9 307830 
650 0 |a Planificación del currículo  |9 269599 
650 0 |a Métodos de enseñanza  |9 270413 
650 0 |a Comprensión de lectura  |9 307588 
583 |a last modification  |c 20050324 00:00:00  |k Rodrigo Vera 
490 0 |a Serie Orientación y Tutoría, 134 
999 |c 312279  |d 312277 
952 |0 0  |1 0  |4 0  |6 370_152000000000000_NOG_2002  |7 0  |8 A  |9 382343  |a FDOPOS  |b FDOPOS  |d 2019-11-21  |i 4102584  |o 370.152 NOG 2002  |p 4102584  |r 2025-01-22  |w 2019-11-21  |y BK  |k MLA